Historia del Nuevo Mundo

Guardat en:
Dades bibliogràfiques
Autor principal: Bernand Muñoz, Carmen (Autor)
Altres autors: Gruzinski, Serge (autor)
Format: Llibre
Idioma:espanyol
Publicat: Ciudad de México Fondo de Cultura Económica 1996
Col·lecció:Colección Historia
Matèries:
Etiquetes: Afegir etiqueta
Sense etiquetes, Sigues el primer a etiquetar aquest registre!

MARC

LEADER 00000cam a2200000 a 4500
001 UCI1459
003 CL-VaPUC
008 070629e19960000MX |||||||||||||||||spa|d
020 |a 9681654773o.c 
020 |a 9681640179t.1 
020 |a 9681654781t.2 
082 0 4 |a 970.015  |b BER  |2 21 
100 |a Bernand Muñoz, Carmen  |e author  |9 521995 
700 |a Gruzinski, Serge  |e autor  |9 245671 
245 1 0 |a Historia del Nuevo Mundo 
300 |a 624 p 
942 |c BK 
945 |d 20070629 00:00:00  |a jtorresc 
260 |a Ciudad de México  |b Fondo de Cultura Económica  |c 1996 
500 |a t.1: Del descubrimiento a la conquista. La experiencia europea, 1492-1550 
500 |a t.2: Los mestizajes, 1550-1640 
650 0 |a Descubrimientos y viajes  |9 521996 
650 0 |a Conquista  |9 339504 
650 7 |a HISTORIA 1942  |2 CL-VaPUC  |9 521997 
651 0 |a América  |9 255182 
583 |a last modification  |c 20180905 11:03:35  |k Rodrigo Vera 
490 0 |a Colección Historia 
999 |c 326278  |d 326276 
952 |0 0  |1 0  |4 0  |6 970_015000000000000_BER_1996  |7 0  |8 A  |9 408106  |a BIBHIS  |b BIBHIS  |d 2019-11-22  |h t.1  |i 4629469  |l 3  |o 970.015 BER 1996  |p 4629469  |r 2025-01-20  |s 2023-03-23  |w 2019-11-22  |y BK  |k HIS 
952 |0 0  |1 0  |4 0  |6 970_015000000000000_BER_1996  |7 0  |8 A  |9 408107  |a BIBHIS  |b BIBHIS  |d 2019-11-22  |h t.2  |i 4629477  |o 970.015 BER 1996  |p 4629477  |r 2025-01-20  |w 2019-11-22  |y BK  |k HIS 
952 |0 0  |1 0  |4 0  |6 970_015000000000000_BER_1996  |7 0  |8 A  |9 408108  |a BIBHIS  |b BIBHIS  |d 2019-11-22  |h t.2  |i 4682572  |o 970.015 BER 1996  |p 4682572  |r 2025-01-20  |w 2019-11-22  |y BK  |k HIS 
952 |0 0  |1 0  |4 0  |6 970_015000000000000_BER_1996  |7 0  |8 A  |9 408109  |a BIBHIS  |b BIBHIS  |d 2019-11-22  |h t.1  |i 4682564  |o 970.015 BER 1996  |p 4682564  |r 2025-01-20  |w 2019-11-22  |y BK  |k HIS 
952 |0 0  |1 0  |4 0  |6 970_015000000000000_BER_1996  |7 0  |8 A  |9 408110  |a BIBHIS  |b BIBHIS  |d 2019-11-22  |h t.2  |i 4994841  |l 2  |o 970.015 BER 1996  |p 4994841  |r 2025-01-20  |s 2022-05-30  |w 2019-11-22  |y BK  |k HIS